书目信息 |
| 题名: |
德国公共广播电视
|
|
| 作者: | 路赫特 著 ;修春民 译 | |
| 分册: | ||
| 出版信息: | 北京 中国广播电视出版社 2011.01 |
|
| 页数: | 313页 | |
| 开本: | 24cm | |
| 丛书名: | 广播电视公共服务研究系列丛书 | |
| 单 册: | ||
| 中图分类: | G229.516 | |
| 科图分类: | ||
| 主题词: | 广播电视--研究--德国 , 广播电视 | |
| 电子资源: | ||
| ISBN: | 978-7-5043-6354-1 | |
| 000 | 01127oam2 2200289 450 | |
| 001 | 010050008737 | |
| 005 | 20130627101054.84 | |
| 010 | @a978-7-5043-6354-1@dCNY41.00 | |
| 100 | @a20110326d2011 em y0chiy50 ea | |
| 101 | 1 | @achi@cger |
| 102 | @aCN@b110000 | |
| 105 | @ay z 000yy | |
| 106 | @ar | |
| 200 | 1 | @a德国公共广播电视@9de guo gong gong guang bo dian shi@e基础-分析-展望@f(德)严斯·路赫特(Jens Lucht)著@g修春民等译 |
| 210 | @a北京@c中国广播电视出版社@d2011.01 | |
| 215 | @a313页@d24cm | |
| 225 | 2 | @a广播电视公共服务研究系列丛书 |
| 300 | @a教育部人文社科重点研究基地重大项目“我国广播电视公共服务体系目标与实施研究” 项目编号:05JJD860168 | |
| 330 | @a本书主要内容包括:导论;公共领域的原则;(电子)大众媒体在建立公众社会和政治传播方面扮演的角色;广播体系的双元化等。 | |
| 461 | 0 | @12001 @a广播电视公共服务研究系列丛书@1701 0@a胡正宗@4主编 |
| 606 | 0 | @a广播电视@x研究@y德国 |
| 606 | 0 | @a广播电视 |
| 690 | @aG229.516@v4 | |
| 701 | 0 | @c(德)@a路赫特@9lu he te@c(Lucht, Jens@f1967-)@4著 |
| 702 | 0 | @a修春民@9xiu chun min@4译 |
| 801 | 0 | @aCN@bRENTIAN@c20110326 |
| 905 | @b546701-05@dG229.516@e173@f5 | |
| 德国公共广播电视:基础-分析-展望/(德)严斯·路赫特(Jens Lucht)著/修春民等译.-北京:中国广播电视出版社,2011.01 |
| 313页;24cm.-(广播电视公共服务研究系列丛书) |
| 教育部人文社科重点研究基地重大项目“我国广播电视公共服务体系目标与实施研究” 项目编号:05JJD860168 |
| ISBN 978-7-5043-6354-1:CNY41.00 |
| 本书主要内容包括:导论;公共领域的原则;(电子)大众媒体在建立公众社会和政治传播方面扮演的角色;广播体系的双元化等。 |
| ● |
| 相关链接 |
|
|
|
|
正题名:德国公共广播电视
索取号:G229.516/173
 
预约/预借
| 序号 | 登录号 | 条形码 | 馆藏地/架位号 | 状态 | 备注 |
| 1 | 546701 | 205467010 | 第一样本阅览室/ [索取号:G229.516/173] | 在馆 | |
| 2 | 546702 | 205467029 | 密集书库-文学院/ [索取号:G229.516/173] | 在馆 | |
| 3 | 546703 | 205467038 | 第四借阅区/ [索取号:G229.516/173] | 在馆 | |
| 4 | 546704 | 205467047 | 第四借阅区/ [索取号:G229.516/173] | 在馆 | |
| 5 | 546705 | 205467056 | 第四借阅区/ [索取号:G229.516/173] | 在馆 |